000 00664nam a2200217 i 4500
001 77726
003 ES-MaACL
005 20240409154137.0
007 t|
008 041105s2001 pr ||||1| spa d
020 _a0-8477-0127-1
080 _a821.134.2(729.5)-31"19"
100 1 _aBarreto, Néstor.
_925955
245 1 0 _aLegión
_b: poema pánico /
_cNéstor Barreto.
250 _a1ª ed.
260 _aSan Juan de Puerto Rico :
_bUniversidad de Puerto Rico,
_c2001.
300 _a287 p. ;
_c22 cm.
650 4 _aPoesía puertorriqueña
_916155
852 _aES-MaACL
_jE-10250
_bR.134480
999 _c77726
_d77726